| 000 | 00000nam 2200000zi 4500 |
| 001 | 9.892029 |
| 003 | CaOODSP |
| 005 | 20221107173043 |
| 006 | m o d f |
| 007 | cr cn||||||||| |
| 008 | 201001t20202020onca o f000 0 fre d |
| 020 | |a9780660361444 |
| 040 | |aCaOODSP|bfre|erda|cCaOODSP |
| 043 | |an-cn--- |
| 086 | 1 |aH14-354/2020F-PDF |
| 245 | 00|aCampagne de prévention du vapotage chez les jeunes : |bévaluation de nouveaux messages : rapport final / |cpréparé à l'intention de Santé Canada par Environics Research. |
| 264 | 1|a[Ottawa] : |bSanté Canada = Health Canada, |c2020. |
| 264 | 4|c©2020 |
| 300 | |a1 ressource en ligne (iv, 45, 11 pages) : |billustrations + |e1 sommaire (v pages) |
| 336 | |atexte|btxt|2rdacontent/fre |
| 337 | |ainformatique|bc|2rdamedia/fre |
| 338 | |aressource en ligne|bcr|2rdacarrier/fre |
| 500 | |aTitre de la couverture. |
| 500 | |aPublié aussi en format HTML. |
| 500 | |a« Septembre 2020. » |
| 500 | |a« Nom du fournisseur : Environics Research. » |
| 500 | |a« Numéro de contrat : HT372-194271/001/CY. » |
| 500 | |a« Numéro d’enregistrement : ROP 095-15. » |
| 500 | |aPublié aussi en anglais sous le titre : Youth vaping prevention campaign : testing new messages : final report. |
| 520 | |a« L’augmentation rapide du vapotage chez les jeunes Canadiens et Canadiennes préoccupe le gouvernement du Canada. Dans ce contexte, Santé Canada a lancé en 2018 une campagne de prévention du vapotage chez les jeunes afin de sensibiliser les jeunes aux méfaits et aux risques liés à l’utilisation des produits de vapotage. Le ministère compte élaborer du contenu supplémentaire et de nouveaux messages qui viendront compléter la campagne en cours et feront en sorte que celle-ci continue de sensibiliser, d’informer et d’interpeller les jeunes Canadiens et Canadiennes » -- Résumé du rapport, page i. |
| 650 | 6|aVapotage|zCanada|xPrévention|xOpinion publique. |
| 650 | 6|aJeunesse|xTabagisme|zCanada|xOpinion publique. |
| 650 | 6|aOpinion publique|zCanada. |
| 710 | 1 |aCanada. |bSanté Canada, |eorganisme de publication. |
| 710 | 2 |aEnvironics Research Group, |eorganisme de publication. |
| 775 | 08|tYouth vaping prevention campaign : |w(CaOODSP)9.892028 |
| 856 | 40|qPDF|s1.56 Mo|uhttps://publications.gc.ca/collections/collection_2021/sc-hc/H14-354-2020-fra.pdf|zRapport final |
| 856 | 40|qPDF|s270 Ko|uhttps://publications.gc.ca/collections/collection_2021/sc-hc/H14-354-2020-1-fra.pdf|zSommaire |
| 856 | 4 |qHTML|sS.O.|uhttps://epe.lac-bac.gc.ca/100/200/301/pwgsc-tpsgc/por-ef/health/2021/095-15-f/POR095-15-rapport.html|zRapport final |
| 856 | 4 |qHTML|sS.O.|uhttps://epe.lac-bac.gc.ca/100/200/301/pwgsc-tpsgc/por-ef/health/2021/095-15-f/sommaire/POR095-15-sommaire.html|zSommaire |